Logo BPK

Biblioteka

Politechniki Koszalińskiej

Laboratorium fizykochemicznych podstaw procesów w inżynierii sanitarnej / (Rekord nr 915)

Szczegóły MARC
000 -ETYKIETA REKORDU
podpole kontrolne o stałej długości 00504nam a2200169 i 4500
001 - NUMER KONTROLNY REKORDU
pole kontrolne bg
040 ## - ŹRÓDŁO KATALOGOWANIA
Instytucja, która utworzyła rekord BPK
041 ## - KOD JĘZYKA
Kod języka tekstu pol
080 ## - UNIWERSALNA KLASYFIKACJA DZIESIĘTNA - UKD
UKD 541.1:547](075.8)
008 - POLE O STAŁEJ DŁUGOŚCI - DANE KONTROLNE
podpole kontrolne o stałej długości s pl f |000 0 pol
100 1# - NAZWA OSOBOWA
Nazwa osobowa BADOWSKA-OLENDEREK, Krystyna.
245 10 - TYTUŁ/ODPOWIEDZIALNOŚĆ
Tytuł Laboratorium fizykochemicznych podstaw procesów w inżynierii sanitarnej /
Pozostałe elementy strefy tytułu i oznaczenia odpowiedzialności K. Badowska-Olenderek, J. Czyżewski, J. Naumczyk.
260 ## - STREFA ADRESU WYDAWNICZEGO
Miejsce wydania Warszawa,
Data publikacji, dystrybucji/powstania dokumentu 1984.
700 1# - HASŁO DODATKOWE - NAZWA OSOBOWA
Nazwa osobowa CZYŻEWSKI, Jerzy.
700 1# - HASŁO DODATKOWE - NAZWA OSOBOWA
Nazwa osobowa NAUMCZYK, Jeremi.
856 ## - LOKALIZACJA I DOSTĘP DO ELEKTRONICZNYCH DOKUMENTÓW ZDALNYCH
Link (URL) http://koha.tu.koszalin.pl/cgi-bin/koha/opac-detail.pl?biblionumber=915
Tekst linku Katalog online BPK
942 ## - DODATKOWE ELEMENTY (KOHA)
Typ dokumentu Książka
Egzemplarze
Wycofany Status egzemplarza Uszkodzony Dostępność Lokalizacja stała Lokalizacja bieżąca Miejsce przechowywania Sygnatura Kod kreskowy Dział Typ dokumentu
      Tylko na miejscu Czytelnia Wydziału Elektroniki i Informatyki, Wydziału Architektury i Wzornictwa, Wydziału Inżynierii Mechanicznej i Energetyki oraz Wydziału Inżynierii Lądowej, Środowiska i Geodezji Czytelnia Wydziału Elektroniki i Informatyki, Wydziału Architektury i Wzornictwa, Wydziału Inżynierii Mechanicznej i Energetyki oraz Wydziału Inżynierii Lądowej, Środowiska i Geodezji Czytelnia Wydziałowa ul. Śniadeckich 2 P 22096 01441529 544 Chemia fizyczna Książka
© 2023 Biblioteka Politechniki Koszalińskiej :: KOHA